The Taming of the Shrew Franchise - Statistics

General Stats
  • This quiz has been taken 11 times
  • The average score is 27 of 62
Answer Stats
Type Year Name Info % Correct
Opera 1872 Der Widerspänstigen Zähmung Hermann Goetz
100%
Play 1590-1592 The Taming of the Shrew William Shakespeare
100%
Short Film 1908 The Taming of the Shrew Biograph Company
100%
Short Film 1911 The Taming of the Shrew Co-operative Cinematograph / Kleine Optical Company
100%
Short Film 1915 The Taming of the Shrew British & Colonial Kinematograph Company
100%
Short Film 1923 The Taming of the Shrew Walturdaw
100%
Film 1929 The Taming of the Shrew United Artists
100%
Opera 1953 The Taming of the Shrew Vittorio Giannini
100%
Opera 1957 The Taming of the Shrew Vissarion Shebalin
100%
Film 1961 The Taming of the Shrew Mosfilm
100%
TV Play 1962 The Taming of the Shrew ABC
100%
Film 1967 The Taming of the Shrew Columbia
100%
Ballet 1969 The Taming of the Shrew John Cranko
100%
TV Play 1972 The Taming of the Shrew BBC2
100%
TV Play 1973 The Taming of the Shrew ABC
100%
TV Play 1976 The Taming of the Shrew PBS
100%
TV Play 1982 The Taming of the Shrew CBC
100%
Film 1983 The Taming of the Shrew Century Home Video / Serendipity Distributing
100%
TV Play 1988 The Taming of the Shrew CBC
100%
Film 1999 10 Things I Hate About You Buena Vista Pictures
71%
TV Show 2009-2010 10 Things I Hate About You ABC Family
71%
Film 2004 Kate: The Taming of the Shrew Crayons S.r.l.
43%
Musical 1948 Kiss Me, Kate Cole Porter
29%
TV Film 1964 Kiss Me Kate BBC2
29%
TV Film 1968 Kiss Me Kate ABC
29%
TV Film 1975 Kiss Me Kate NPO 1
29%
TV Film 1956 The Tamer Tamed BBC
29%
Play 1611 The Woman's Prize, or the Tamer Tamed John Fletcher
29%
Film 1963 Arivaali A. T. K. Productions
14%
Film 1962 Beware of Eve ????
14%
Film 1948 Cartas Marcadas Azteca Films Inc.
14%
Play 1754 Catharine and Petruchio David Garrick
14%
Opera 1963 Christopher Sly Dominick Argento
14%
Film 1924 Daring Youth Principal Distributing Company
14%
TV Play 1991 De Getemde Feeks NPO 1
14%
Film 2003 Deliver Us from Eva Focus Features
14%
TV Film 1958 Der Widerspenstigen Zähmung SFB
14%
TV Play 1962 Der Widerspenstigen Zähmung BR
14%
Film 2008 Frivolous Wife Lotte Entertainment
14%
Film 1919 Impossible Catherine Pathé Exchange
14%
TV Play 1939 Katharine and Petruchio BBC
14%
TV Documentary 1981 Kiss Me, Petruchio PBS
14%
Film 1913 La Bisbetica Domata Società Anonima Ambrosio
14%
Film 1942 La Bisbetica Domata Minerva Film
14%
TV Show 1999 La Fiera TVN
14%
Film 1911 La Mégère Apprivoisée Société Générale des Cinématographes Éclipse
14%
Zarzuela 1896 Las Bravías Ruperto Chapí
14%
Film 1943 Makacs Kata Mester Film Kft.
14%
Film 1943 Makrancos Hölgy Hausz Mária Filmkölcsönzõ és Filmforgalmazó Vállalata
14%
Film 1989 Nanjundi Kalyana Poornima Enterprises
14%
TV Show 2000-2001 O Cravo e a Rosa Rede Globo
14%
Film 1972 Pattikada Pattanama Arun Prasad Movies
14%
TV Film 1990 Poskromienie Złośnicy TVP1
14%
TV Play 1993 Poskromienie Złośnicy TVP1
14%
Opera 1927 Sly, ovvero La leggenda del dormiente risvegliato Ermanno Wolf-Ferrari
14%
Short Film 1912 Taming Mrs. Shrew Motion Picture Distributors and Sales Company
14%
Short Film 1929 The Framing of the Shrew Paramount
14%
Film 1915 The Iron Strain Triangle Distributing
14%
Film 1997 The Taming of the Screw ????
14%
Film 1922 The Taming of the Shrewd Universal
14%
Novel 2016 Vinegar Girl Anne Tyler
14%
Film 1933 You Made Me Love You Wardour Films
14%
No matching quizzes found
Score Distribution
Percent of People with Each Score
Percentile by Number Answered
Your Score History
You have not taken this quiz